000 00814cab a2200277 4500
001 ABS58426
008 090401t1997 xxu||||| |||| 00| 0 eng d
035 _a(Sirsi) u85252
041 _aeng
245 _aBest Value focus
260 _c1997
350 _a0
490 _aLocal Government Chronicle
_v`Supplement`, September 1997, 1-20(20) (LOAN)
520 _aA supplement on Best Value giving opinions from a variety of people and councils on how Best Value is going to work and whether it is a better option than CCT.
650 _aBEST VALUE
650 _aCCT
650 _aCOVENTRY CC
650 _aHUNTINGDON
650 _aIPSWICH
650 _aLOCAL AUTHORITIES
650 _aPILOT PROJECT
650 _aSCOTLAND
690 _aECONOMIC AND SOCIAL
942 _n0
948 _c27/03/1998
999 _c53592
_d53592